Por el camino de Swann : (Registro nro. 8716)
[ vista simple ]
| 000 -LIDER | |
|---|---|
| fixed length control field | 00872nam a22002777a 4500 |
| 001 - NÚMERO DE CONTROL | |
| Identificador de número de control | 411735 |
| 003 - IDENTIFICACDOR DE NÚMERO DE CONTROL | |
| control field | DO-SdBPM |
| 005 - DATE AND TIME OF LATEST TRANSACTION | |
| control field | 20241203123634.0 |
| 007 - CAMPOS FIJOS DE DESCRIPCIÓN FÍSICA | |
| fixed length control field | 411735 |
| 008 - ELEMENTOS DE LONGITUD FIJA | |
| fixed length control field | 991221s1999 sp | ||spa |
| 016 7# - NO. DE CONTROL DE LA AGENCIA BIB. NACIONAL | |
| Source | BPMSU |
| 020 ## - ISBN | |
| International Standard Book Number | 8481301728 |
| 040 ## - FUENTE DE CATALOGACIÓN | |
| Agencia que crea de manera original el registro | DO-SdBPM |
| Idioma de catalogación | spa |
| Agencia que realiza la transcripción | BPMSU |
| 082 #4 - NÚMERO DE CLASIFICACIÓN DECIMAL DE DEWEY | |
| Classification number | 843.8 |
| Item number | P968p 1999 |
| Edition number | 22 |
| 100 1# - ASIENTO PRINCIPAL -- NOMBRE PERSONAL | |
| Nombre personal | Proust, Marcel |
| Fechas asociadas con el nombre | 1871-1922 |
| 240 10 - TITULO UNIFORME | |
| Título uniforme | Du côté de chez Swann |
| Idioma de una obra | Español |
| 245 10 - MENCIÓN DE TITULO | |
| Título | Por el camino de Swann : |
| Subtítulo | en busca del tiempo perdido / |
| Mención de responsabilidad | Marcel Proust ; traducción de Pedro Salinas ; prólogo de Andrés Amorós |
| 260 ## - PUBLICACIÓN, DISTRIBUCIÓN, ETC. (PIE DE IMPRENTA) | |
| Lugar de publicación, distribución, etc | Madrid : |
| Nombre del editor, distribuidor, etc. | Milenium, |
| Fecha de publicación, distribución, etc | 1999 |
| 300 ## - DESCRIPCIÓN FÍSICA | |
| Extensión | 356 p. ; |
| Dimensiones | 22 cm |
| 490 0# - MENCIÓN DE SERIES | |
| Mención de serie | Millenium ; |
| -- | Las 100 joyas del milenio, |
| Volume/sequential designation | 58 |
| 590 ## - NOTA LOCAL | |
| Texto de la nota local | Inventariado, 2024/VM |
| 650 #4 - ENCABEZAMIENTO DE MATERIA--TEMÁTICO | |
| Término temático o nombre geográfico como elemento de entrada | Novela francesa |
| 700 1# - ASIENTO SECUNDARIO -- NOMBRE PERSONAL | |
| Nombre personal | Amorós, Andrés |
| Mención de responsabilidad | prólogo |
| 910 ## - VALIDACIÓN | |
| Validación | VMateo V. Control de calidad. BPMSU |
| 942 ## - ADDED ENTRY ELEMENTS (KOHA) | |
| Source of classification or shelving scheme | Dewey Decimal Classification |
| Koha item type | Libros |
| Withdrawn status | Lost status | Source of classification or shelving scheme | Damaged status | Not for loan | Collection code | Home library | Current library | Date acquired | Source of acquisition | Total Checkouts | Full call number | Barcode | Date last seen | Price effective from | Koha item type |
|---|---|---|---|---|---|---|---|---|---|---|---|---|---|---|---|
| Dewey Decimal Classification | Colección General | Biblioteca Pública Metropolitana Salomé Ureña | Biblioteca Pública Metropolitana Salomé Ureña | 11/16/2015 | FUNDI | BPMSU CG 843.8 P968p 1999 | BPMSU15110273 | 11/16/2015 | 11/16/2015 | Libros |